• 首页
  • 本馆介绍
  • 公告通知
  • 最新文献
  • 馆藏检索
  • 电子资源
  • 读者导购
  • 参考咨询
  • 我的图书馆
  • 登录
  • 详细信息显示
  • 放入我的书架
  • 预约/预借图书
  • 作者相关作品
  • 分类相关作品
  • 丛书相关作品
  • 出版社相关作品

书目信息

  • 表格格式
  • 工作单格式
  • 卡片格式
题名:
基础化学实验
    
 
作者: 宋淑娥 主编
分册: Ⅲ   物理化学实验
出版信息: 北京   化学工业出版社  2021.1
页数: 262页
开本: 26cm
丛书名:
单 册:
中图分类: O6 , O64
科图分类:
主题词: 化学实验--高等教育--教材 , 物理化学--化学实验--高等教育--教材
电子资源:
ISBN: 978-7-122-34179-2
000 01151nam0 2200277 45
001 012001000303
005 20211012144036.84
010    @a978-7-122-34179-2@dCNY35.00
100    @a20191021d2019 em y0chiy50 ea
101 0  @achi@aeng
102    @aCN@b110000
105    @aa z 000yy
106    @ar
200 1  @a基础化学实验@Aji chu hua xue shi yan@hⅢ@i物理化学实验@b专著@f宋淑娥主编
205    @a3版
210    @a北京@c化学工业出版社@d2021.1
215    @a262页@c图@d26cm
300    @a普通高等教育“十一五”国家级规划教材
330    @a本书共五个部分,绪论主要介绍了物理化学实验的基本知识及数据处理等内容;基础知识与技术篇共包括六章,详细介绍了物理化学实验常用仪器的原理和使用方法,可作为学生和其他化学工作者涉足这些技术领域的入门;基础实验部分共36个实验,涉及热力学、动力学、电化学、胶体和表面化学及结构化学等内容。设计型实验共有20个,用英文编写。附录部分,内容丰富且注明资料来源,便于学生查阅。
606 0  @a化学实验@x高等教育@j教材
606 0  @a物理化学@x化学实验@x高等教育@j教材
690    @aO6@v5
690    @aO64@v5
701  0 @a宋淑娥@Asong shu e@4主编
801  0 @aCN@bBJSDL@c20211011
905    @b1331184-7@dO6@e1239:3=3@f4
    
    基础化学实验.Ⅲ.物理化学实验/宋淑娥主编.-3版.-北京:化学工业出版社,2021.1
    262页:图;26cm
    普通高等教育“十一五”国家级规划教材
    
    ISBN 978-7-122-34179-2:CNY35.00
    本书共五个部分,绪论主要介绍了物理化学实验的基本知识及数据处理等内容;基础知识与技术篇共包括六章,详细介绍了物理化学实验常用仪器的原理和使用方法,可作为学生和其他化学工作者涉足这些技术领域的入门;基础实验部分共36个实验,涉及热力学、动力学、电化学、胶体和表面化学及结构化学等内容。设计型实验共有20个,用英文编写。附录部分,内容丰富且注明资料来源,便于学生查阅。
●
相关链接 在E读中查询图书 在五车中查询图书 在当当中查询图书 在豆瓣中查询图书


正题名:基础化学实验     索取号:O6/1239:3=3         预约/预借

序号 登录号 条形码 馆藏地/架位号 状态 备注
1 1331184   213311842   第二样本阅览室/ [索取号:O6/1239:3=3] 在馆    
2 1331185   213311851   第三借阅区/ [索取号:O6/1239:3=3] 在馆    
3 1331186   213311860   第三借阅区/ [索取号:O6/1239:3=3] 在馆    
4 1331187   213311879   第三借阅区/ [索取号:O6/1239:3=3] 在馆    
唐山师范学院图书馆 欢迎您!
大连网信软件有限公司© 版权所有